| 000 | 00400 a2200157 4500 | ||
|---|---|---|---|
| 005 | 20250319150452.0 | ||
| 020 | _a0-8791-258-7 | ||
| 082 | _a512.12 MUN | ||
| 100 | _aMUNEM, M.A. | ||
| 245 | _aPrecalculus: Functions and Graphs | ||
| 250 | _a4th Ed. | ||
| 260 |
_aNew York _bWorth Publishers, INC _c1985 |
||
| 300 |
_axi,557p., ill., tables _bIndex _c25cm. |
||
| 700 | _aYIZZE, J.P. | ||
| 942 |
_2ddc _cBKS |
||
| 999 |
_c1016 _d1016 |
||